| 000 | 00411cam a22001337a 4500 | ||
|---|---|---|---|
| 008 | 180718b1978 xxu||||| |||| 00| 0 eng d | ||
| 082 | _aK234 Su77/78 | ||
| 245 |
_aWage incentives: theory and practice _cedited by G.K. Suri |
||
| 250 | _a2nd ed. | ||
| 260 |
_aNew Delhi _bShri Ram Centre for Industrial Relations and Human Resources _c1978 |
||
| 300 | _a237p. | ||
| 650 | _aWage incentives | ||
| 700 | _aSuri, G.K. | ||
| 999 |
_c355152 _d355152 |
||